00398cam a2200157ua 45000010005000000080039000050400009000440820013000531000037000662450044001032500009001472600031001563000016001876530019002036530018002223269111014n ii |||gr||||Z||||||asm cMAIN a891.4513 aBardoloi, Rajani Kanta,eAuthor.11aNirmal bhakatcby Rajani Kanta Bardoloi a1st. aGuahati:bSahitya Prakash. a60p:c23cm. aAssamese novel aNirmal bhakat